Vista normal
Vista MARC
Entrada Materia (personas)
Número de registros utilizados en: 1
001 - CONTROL NUMBER
- control field: 54849
003 - CONTROL NUMBER IDENTIFIER
- control field: Co-BoUCM
005 - DATE AND TIME OF LATEST TRANSACTION
- control field: 20140205111457.0
008 - FIXED-LENGTH DATA ELEMENTS
- fixed length control field: 140205|| aca||aabn | a|a d
040 ## - CATALOGING SOURCE
- Original cataloging agency: Co-BoUCM
- Transcribing agency: Co-BoUCM
100 ## - HEADING--PERSONAL NAME
- Personal name: Yaron, Amir
670 ## - SOURCE DATA FOUND
- Source citation: Work cat.: (Co-BoUCM)184135: Hansen, Lars Peter 54212, Finite sample properties of some alternative GMM estimators, 1994